000 00636nam a22002177a 4500
999 _c3316
_d3316
003 OSt
005 20231114111024.0
008 231114b ||||| |||| 00| 0 eng d
020 _a9789670624020
040 _cKH8
082 _a400 SUR
100 _aSuriani Zulkifli,
_eauthor.
245 _aAkibat Suka Berbohong /
_cSuriani Zulkifli.
260 _aKuala Lumpur ;
_bPustaka Kalam Bestari,
_c2014.
300 _a24 pages :
_bcolor illustrations ;
_c2014.
440 _aSiri Sikap Baik Dicontohi
650 _aDicdatic fiction
_vMalay
650 _aChildren's stories
_vMalay
830 _aSiri Sikap Baik Dicontohi
942 _2ddc
_cTR